000 00374nam a2200133Ia 4500
008 211109s9999||||xx |||||||||||||| ||und||
082 _a894.8123
_bSRE-K
100 _aSreenivas, T R
245 0 _aKulappadavukal
260 _bDC Books
_aKottayam
630 _xGENERAL STACK
650 _aMalayalam Literature
_vMalayalam Fiction
_xMalaualam NovelShort Stories
942 _cBOOK
999 _c41806
_d41806